<The> EDPS strategy 2015 - 2019 leading by example

Uložené v:
Podrobná bibliografia
Médium: Kniha
Jazyk:English
Vydavateľské údaje: Luxembourg Publications Office of the European Union 2015
Predmet:
Tagy: Pridať tag
Žiadne tagy, Buďte prvý, kto otaguje tento záznam!

MARC

LEADER 00000nam a2200000 4500
001 0209238
005 20240314122841.8
020 |a 978-92-9242-055-0 
041 0 |a eng 
044 |a LU 
245 1 0 |a <The> EDPS strategy 2015 - 2019  |b leading by example 
264 1 |a Luxembourg  |b Publications Office of the European Union  |c 2015 
300 |a 22 s. 
610 2 0 |a ochrana dát 
610 2 0 |a dáta 
610 2 0 |a Európska únia 
610 2 0 |a spoločnosť informačná 
610 2 0 |a technológie informačné